=LDR 00000nam 2200000 4500 =001 INLIS000000000025675 =005 20130612124151 =008 ***********************************Ind** =035 ##$$0010-061300000025675 =041 ##$$a Ind =082 ##$$a 028 =090 ##$$a 028, Hen l =100 ##$$a Hendrayanti =245 ##$$a Lolos dari maut dan kisah lain, Hendrayanti =260 ##$$a 2000 $b Jakarta =300 ##$$a 30 hlm, ilus, 29 cm =650 ##$$a Komik =850 ##$$a NBPNMAT